Statystyki dla Najludniejsze państwa w Azji

Kliknij tutaj aby rozwiązać quiz!

Ogólne statystyki

  • Ten quiz został rozwiązany 107 razy
  • Średni wynik to 9 z 10

Statystyki odpowiedzi

LudnośćKraj% Poprawnych
1 393 000 000 osóbChiny
100%
1 353 000 000 osóbIndie
99%
126 500 000 osóbJaponia
95%
267 700 000 osóbIndonezja
92%
161 400 000 osóbBangladesz
87%
212 200 000 osóbPakistan
86%
69 430 000 osóbTajlandia
80%
95 540 000 osóbWietnam
80%
81 800 000 osóbIran
79%
106 700 000 osóbFilipiny
78%

Rozkład punktacji

Percentyl według liczby udzielonych odpowiedzi

Procent ludzi z każdym wynikiem

Twoja historia wyników

Nie rozwiązałeś tego quizu